Представление документа в формате MARC21

Поле Инд. ПП Название Значение
Тип записи a
Библиографический уровень m
001 Контрольный номер 3136a997-cac4-47a5-9cc0-9fddaa8a366d
005 Дата корректировки 20250828174146.0
008 Кодируемые данные 070619
020 a ISBN 0-19-280282-8
a ISBN 978-0-19-280282-8
c Цена, тираж 359.64
040 a Служба первич. каталог. НБ ТвГУ
041 0_ a Код языка текста eng
080 a Индекс УДК 614.253
084 a Индекс другой классификации/Индекс ББК Р11(2)п
090 x Авторский знак H79
a Полочн. индекс Р11(2)п
100 1_ a Автор Hope Тony
245 10 a Заглавие Medical ethics
b Продолж. заглавия a very short introduction
c Ответственность Tony Hope
260 0_ a Место издания Oxford
a Место издания New York
b Издательство Oxford university press
c Дата издания 2004
300 a Объем [14], 152 p.
b Иллюстрации/ тип воспроизводства ill.
c Размеры 18 cm.
440 _0 a Серия Very short introductions
490 _0 v N тома 114
500 a Примечание НАСТОЯЩИЙ МАТЕРИАЛ (ИНФОРМАЦИЯ) ПРОИЗВЕДЕН, РАСПРОСТРАНЕН И (ИЛИ) НАПРАВЛЕН ИНОСТРАННЫМ АГЕНТОМ, ЯВЛЯЮЩИМСЯ УЧРЕДИТЕЛЕМ (ЧЛЕНОМ, УЧАСТНИКОМ, РУКОВОДИТЕЛЕМ ИЛИ ЛИЦОМ, ВХОДЯЩИМ В СОСТАВ ОРГАНА ЛИЦ УКАЗАНЫХ В ЧАСТИ 4 СТАТЬИ 9 ФЕДЕРАЛЬНОГО ЗАКОНА «О КОНТРОЛЕ ЗА ДЕЯТЕЛЬНОСТЬЮ ЛИЦ, НАХОДЯЩИХСЯ ПОД ИНОСТРАННЫМ ВЛИЯНИЕМ») ВКЛЮЧЕННОГО В РЕЕСТР ИНОСТРАННЫХ АГЕНТОВ
504 a Библиография Bibliogr.: p. 133-144. - Ind.: p. 145-152.
583 a Действие Получение впервые 145 18.06.2007
k Исполнитель действия Дар Оксфордско-Российского Фонда
650 04 a Основная рубрика Медицинская этика
650 04 a Основная рубрика Этика медицинская см. Медицинская этика
653 0_ a Ключевые слова Этика в медицине
a Ключевые слова Медицинская этика
a Ключевые слова Оксфордско-Российский фонд
852 41 t Порядковый номер экземпляра 1
p Инвентарный номер 877559
863 t 00175486
888 a Бесплатные
930 a Новая/Ретро иностр
a Новая/Ретро англ
952 p 145.2007 359.64 1 877559
c Вид литературы К ин
954 a Дата поступления на обработку 20080212
999 a Подразделение 2 ч.з.